It looks like you're offline.
Open Library logo
additional options menu

MARC record from Internet Archive

LEADER: 02049cam a22004934a 4500
001 50942075
003 OCoLC
005 20151005043554.0
008 021101s2003 nju 001 0 eng
010 $a2002153128
019 $a52282657
020 $a0471250678 (cloth : alk. paper)
035 $a50942075
040 $aDLC$cDLC$dUtOrBLW
042 $apcc
043 $an-us---
049 $aSFRA
050 00 $aHF5465.U64$bT377 2003
082 00 $a381/.141/0973$221
092 $a381.141$bR797o
100 1 $aRowley, Laura.
245 10 $aOn Target :$bhow the world's hottest retailer hit a bullseye /$cLaura Rowley.
260 $aHoboken, N.J. :$bJ. Wiley,$cc2003.
300 $avii, 216 p. ;$c24 cm
336 $atext$btxt$2rdacontent
337 $aunmediated$bn$2rdamedia
338 $avolume$bnc$2rdacarrier
500 $aPublished simultaneously in Canada.
500 $aIncludes index.
505 0 $aThe Target difference -- The right stuff -- Inside the mind of the bargain hunter -- Advertising and promotion -- Service and technology -- The legend of George Draper Dayton -- The next generation -- Management excellence -- Guides for growth -- Philanthropy -- Challenges.
600 10 $aDayton, George Draper,$d1857-1938.
610 20 $aTarget Corporation.
907 $a.b18936787$b12-20-18$c07-23-04
998 $axbt$b06-21-07$cm$da $e-$feng$gnju$h0$i2
957 00 $aOCLC reclamation of 2017-18
907 $a.b18936787$b12-02-14$c07-23-04
956 $aPre-reclamation 001 value: ocm50942075
975 $aSFR
994 $aX0$bSFR
998 $axbt$b06-21-07$cm$da$e-$feng$gnju$h0$i2
999 $yMARS
998 $axbt$b07-23-04$cm$da$e-$feng$gnju$h0$i2
945 $a381.141$bR797o$d - - $e08-25-2016 12:36$f0$g0$h08-25-16$i31223066580292$j503$0503$k - - $lxbtci$o-$p$24.95$q-$r-$s- $t0$u21$v5$w0$x0$y.i38649585$z08-17-04
945 $a381.141$bR797o$d - - $e10-15-2018 14:50$f0$g0$h10-19-18$i31223066580300$j503$0503$k - - $lxbtci$o-$p$24.95$q-$r-$s- $t0$u20$v15$w1$x0$y.i38649573$z08-17-04